Ένα Μέλλον Χωρίς Παιδική Εργασία / Διεθνής Οργάνωση Εργασίας (Record no. 1987)
[ view plain ]
| 000 -LEADER | |
|---|---|
| fixed length control field | 01654cam a22001934a 4500 |
| 005 - ΗΜΕΡΟΜΗΝΙΑ ΚΑΙ ΩΡΑ ΤΕΛΕΥΤΑΙΑΣ ΕΝΗΜΕΡΩΣΗΣ | |
| Πεδίο ελέγχου | 20250605163314.0 |
| 008 - FIXED-LENGTH DATA ELEMENTS--GENERAL INFORMATION | |
| Πεδίο ελέγχου σταθερού μήκους | 250528s ||||||||||||||||||||||||d |
| 035 ## - SYSTEM CONTROL NUMBER | |
| System control number | 16493 |
| 020 ## - ISBN | |
| ISBN | 9602104619 |
| 040 ## - ΠΗΓΗ ΚΑΤΑΛΟΓΟΓΡΑΦΗΣΗΣ | |
| Φορέας πρωτότυπης καταλογογράφησης | MC Athens Campus Library |
| Γλώσσα καταλογογράφησης | Ελληνικά, Μοντέρνα (1453-) |
| Modifying agency | MC Athens Campus Library |
| Κανόνες περιγραφικής καταλογογράφησης | AACR2 |
| 245 1# - ΤΙΤΛΟΣ ΚΑΙ ΔΗΛΩΣΗ ΥΠΕΥΘΥΝΟΤΗΤΑΣ | |
| Τίτλος | Ένα Μέλλον Χωρίς Παιδική Εργασία / Διεθνής Οργάνωση Εργασίας |
| 250 ## - EDITION STATEMENT | |
| Edition statement | 1η |
| 260 ## - PUBLICATION, DISTRIBUTION, ETC. | |
| Name of publisher, distributor, etc. | International Labour Office |
| -- | Οδυσσέας, |
| Date of publication, distribution, etc. | 2003 |
| 300 ## - PHYSICAL DESCRIPTION | |
| Extent | 144 |
| 520 ## - SUMMARY, ETC. | |
| Summary, etc. | Πρόλογος, Εισαγωγικό Σημείωμα, Παιδική Εργασία - Δυναμική Εικόνα του Προβλήματος Διεθνώς, Παιδική Εργασία: Τι Πρέπει να Καταργηθεί και Γιατί;, Έκταση και Μορφή του Προβλήματος, Παιδική Εργασία και Αναπτυξιακοί Κλονισμοί, Η Κατανόηση της Παιδικής Εργασίας Απαραίτητη Προϋπόθεση για την Κατάργηση της, Η Οικουμενική Απάντηση στο Πρόβλημα της Παιδικής Εργασίας, Καλύτερη Ενημέρωση Σημαίνει Αποτελεσματική Δράση, Διεθνής Δράση Υποστήριξης Εθνικών Εταίρων, Εθνικές Κυβερνήσεις στην Πρώτη Γραμμή του Πολέμου, Δράση για την Καταπολέμηση της Παιδικής Εργασίας: Ανασκόπηση της Μέχρι Τώρα Σχετικής Εμπειρίας. |
| 942 ## - ADDED ENTRY ELEMENTS (KOHA) | |
| Koha item type | Books |
| Τύπος τεκμηρίου | Βιβλιοθήκη | Τρέχουσα τοποθεσία | Barcode | Αριθμός εισαγωγής | Ημερομηνία απόκτησης | Ταξιθετικό σύμβολο | Αριθμός αντιτύπου | Κατάσταση απόσυρσης | Κατάσταση χαμένου | Κατάσταση κατεστραμμένου | Μη δανεισμός | Σύνολο δανεισμών | Ημερομηνία τελευταίας εμφάνισης | Η τιμή ισχύει από |
|---|---|---|---|---|---|---|---|---|---|---|---|---|---|---|
| Books | MC Athens Campus Library | MC Athens Campus Library | 9780000019868 | 4198 | 05/06/2025 | 305.23 ODY | 1 | 05/06/2025 | 05/06/2025 |